| 000 | 00542nam a22001697a 4500 | ||
|---|---|---|---|
| 003 | PILC | ||
| 005 | 20150930153404.0 | ||
| 008 | 150930b xxu||||| |||| 00| 0 eng d | ||
| 020 | _a9789712724107 | ||
| 020 | _a9789712724527 | ||
| 050 |
_aPN 4121 _b.T172 2010 |
||
| 100 | _aTapalla, Wilma Cruz. | ||
| 245 |
_aPublic speaking and professional etiquette / _cWilma Cruz-Tapalla, Valerie Cruz-Tapalla. |
||
| 260 |
_aMandaluyong City : _bAnvil Publishing, Inc., _c2010. |
||
| 300 |
_a183 pages : _billustrations ; _c22 cm. |
||
| 942 |
_2lcc _cBK _kFOR |
||
| 999 |
_c288788 _d288788 |
||